000 005640000a22001810004500
003 MACL
005 20160731153320.0
008 160731b xxu||||| |||| 00| 0 eng d
040 _aMACL
_cMACL
041 _aHindi
082 _a340 PAN
100 _aपानथरे, आर. टी
_965886
245 _aमध्‍यप्रदेश पेंशन नियम
_cआर. टी. पानथरे
260 _aभोपाल
_bसुविधा लॉ हाउस
_c2010
350 _a350
650 _aलॉ
_933609
942 _cHIN
_k340
_2ddc
999 _c48574
_d48574